000 00747nam a2200217Ia 4500
999 _c40412
_d40412
001 7020
003 GE_BSU
005 20231114102935.0
008 181216s2012||||ge |||||||||||||| ||geo||
020 _a9992843152
040 _cGE_BSU
041 _ageo
080 _a617.3(076) ჟ-99
100 _aჟღენტი, გ. რ.
_920363
245 _aპრაქტიკული ტრავმატოლოგია /
_cგ. რ. ჟღენტი.
264 _aბათუმი :
_bალიონი,
_c2012.
300 _a328 გვ. :
_bილ. ;
_c20 სმ.
_eცხრილები.
653 _aმედიცინა
653 _aპრაქტიკული ტრავმატოლოგია
942 _cBK
_2udc